Phoenix Suns All-NBA Players - Statistics

General Stats
  • This quiz has been taken 348 times
    220 since last reset
  • The average score is 11 of 17
Answer Stats
Player % Correct
Devin Booker
99%
Steve Nash
97%
Kevin Durant
94%
Charles Barkley
93%
Amar'e Stoudemire
88%
Chris Paul
80%
Dennis Johnson
74%
Kevin Johnson
74%
Shawn Marion
74%
Jason Kidd
61%
Shaquille O'Neal
50%
Tom Chambers
46%
Goran Dragić
38%
Walter Davis
38%
Paul Westphal
36%
Stephon Marbury
30%
Connie Hawkins
12%
No matching quizzes found
Score Distribution
Percent of People with Each Score
Percentile by Number Answered
Your Score History
You have not taken this quiz since the last reset